[Event "Tournoi francophone 001 Groupe D"]
[Site "Skype"]
[Date "????.??.??"]
[Round "1.1"]
[White "Gerbaux, Regis"]
[Black "Lecluyse, Koenraad"]
[Result "1-0"]
[WhiteElo "1363"]
[BlackElo "1299"]
[PlyCount "105"]

1. e4 e5 2. Nf3 Nc6 3. Bc4 Nf6 4. Ng5 d5 5. exd5 Nxd5 6. Nf3 e4 7. Qe2 Be6 8.
Qxe4 Qd7 9. Ng5 f5 10. Qxe6+ Qxe6+ 11. Nxe6 Nf4 12. Nxf4 Bd6 13. Ne6 Kd7 14. d4
Rae8 15. Be3 f4 16. Nxg7 Re7 17. Nf5 Ree8 18. Nd2 fxe3 19. Nxe3 Nxd4 20. O-O-O
Rhf8 21. f3 Bf4 22. Nd5 Bg5 23. Kb1 c6 24. Ne4 Be7 25. Rxd4 cxd5 26. Rxd5+ Kc6
27. Rhd1 Kc7 28. Rd7+ Kc8 29. Be6 b5 30. Rxe7+ Kb8 31. Rxe8+ Rxe8 32. Nc5 a5
33. Na6+ Kb7 34. Bd7 Re7 35. Nc5+ Kb6 36. Ne6 b4 37. Rd6+ Kb7 38. Bc6+ Kb6 39.
Ba4+ Kb7 40. Nc5+ Kc7 41. Rd7+ Rxd7 42. Nxd7 Kd6 43. Kc1 Kd5 44. Kd2 Kd4 45.
Nf6 h6 46. Ng4 h5 47. Nf6 h4 48. h3 Ke5 49. Nh5 Kf5 50. Ng7+ Kf4 51. Ke2 Kg3
52. Kf1 Kh2 53. Kf2 1-0

[Event "Tournoi francophone 001 Groupe D"]
[Site "Skype"]
[Date "????.??.??"]
[Round "1.2"]
[White "Vervoort, Jean-Louis"]
[Black "Farfallini, Michel"]
[Result "1-0"]
[WhiteElo "1293"]
[BlackElo "1278"]
[PlyCount "47"]

1. d4 d5 2. c4 e6 3. Nc3 Nf6 4. Bg5 Be7 5. e3 O-O 6. Nf3 Nbd7 7. Bd3 c6 8. O-O
Re8 9. Qc2 Qc7 10. b3 a6 11. Bxf6 Bxf6 12. Bxh7+ Kh8 13. Bd3 e5 14. cxd5 exd4
15. exd4 c5 16. Ne4 Qf4 17. dxc5 Bxa1 18. Rxa1 Nf6 19. Nd6 Nxd5 20. Be2 Re7 21.
g3 Qf6 22. Rd1 Qe6 23. Ng5 Qf6 24. Qh7# 1-0

[Event "Tournoi francophone 001 Groupe D"]
[Site "Skype"]
[Date "????.??.??"]
[Round "1.3"]
[White "Martin, Jean-Claude"]
[Black "Blaevoet, Rebecca"]
[Result "1-0"]
[WhiteElo "1307"]
[BlackElo "1273"]
[PlyCount "47"]

1. d4 Nf6 2. c4 d6 3. Nc3 Nc6 4. d5 Ne5 5. e4 e6 6. Bg5 Be7 7. Be2 O-O 8. Nf3
Bd7 9. Nxe5 dxe5 10. O-O a6 11. Bxf6 Bxf6 12. a4 c6 13. dxc6 bxc6 14. c5 Rb8
15. Bxa6 Rxb2 16. Rb1 Rb8 17. Rxb8 Qxb8 18. Qxd7 Qa7 19. Qxa7 Rd8 20. f3 Rd4
21. Rd1 Kf8 22. Qa8+ Rd8 23. Rxd8+ Bxd8 24. Qxd8# 1-0

[Event "Tournoi francophone 001 Groupe D"]
[Site "Skype"]
[Date "????.??.??"]
[Round "1.4"]
[White "Lequeux, Pierre"]
[Black "Tamditi, Ibrahim"]
[Result "0-1"]
[WhiteElo "1226"]
[BlackElo "1296"]
[PlyCount "84"]

1. d4 d5 2. e3 Nf6 3. c4 e6 4. Bd2 Nc6 5. c5 b6 6. b4 bxc5 7. bxc5 e5 8. Bc3
Ne4 9. Bd3 Nxc3 10. Nxc3 exd4 11. exd4 Nxd4 12. Bb5+ c6 13. Qxd4 cxb5 14. Nxb5
Qa5+ 15. Nc3 Be6 16. Rb1 Bxc5 17. Qa4+ Qxa4 18. Nxa4 Rc8 19. Kd1 Bxf2 20. Nf3
O-O 21. Ke2 Rc2+ 22. Kd1 Bf5 23. Nd4 Bxd4 24. Rf1 Bd3 25. Rf4 Rc4 26. Rb3 Bc2+
27. Kd2 Bxb3 28. axb3 Bc3+ 29. Ke3 Rxf4 30. Kxf4 Bd2+ 31. Ke5 Rd8 32. Kd4 Rd6
33. Kd3 Bf4 34. g3 Be5 35. Nc5 Rb6 36. Kc2 Rc6 37. b4 a5 38. Kd3 axb4 39. Nd7
Ba1 40. Nb8 Rc4 41. Nd7 b3 42. Nb6 b2 0-1

[Event "Tournoi francophone 001 Groupe D"]
[Site "Skype"]
[Date "????.??.??"]
[Round "1.5"]
[White "Milanese, Serge"]
[Black "Hargez, Dany"]
[Result "0-1"]
[WhiteElo "1342"]
[BlackElo "1361"]
[PlyCount "68"]

1. e4 e5 2. Nf3 Nf6 3. Nxe5 d5 4. d3 d4 5. Nf3 Bg4 6. h3 Bh5 7. e5 Qe7 8. Be2
Bxf3 9. Bxf3 Qxe5+ 10. Be2 Bd6 11. c3 Nc6 12. g3 O-O 13. Bf4 Qe6 14. Nd2 Rfe8
15. Nf3 dxc3 16. bxc3 Nd5 17. Nd4 Nxd4 18. cxd4 Bxf4 19. gxf4 Nxf4 20. Kd2 Nxe2
21. Re1 Qxh3 22. Rxe2 Qh6+ 23. Ke1 Re6 24. d5 Rxe2+ 25. Qxe2 Qh1+ 26. Kd2 Qxd5
27. Qe7 Qa5+ 28. Ke3 Rf8 29. d4 Qc3+ 30. Ke4 Qxa1 31. Qxc7 Re8+ 32. Kd5 Qxa2+
33. Kd6 Qe6+ 34. Kc5 Rc8 0-1

[Event "Tournoi francophone 001 Groupe D"]
[Site "Skype"]
[Date "????.??.??"]
[Round "2.1"]
[White "Gerbaux, Regis"]
[Black "Hargez, Dany"]
[Result "0-1"]
[WhiteElo "1363"]
[BlackElo "1361"]
[PlyCount "36"]

1. Nf3 d5 2. d4 Nf6 3. Nbd2 c5 4. dxc5 Nc6 5. e3 a6 6. h3 e5 7. c3 Bxc5 8. b4
Bb6 9. Bb2 e4 10. Nd4 O-O 11. Nxc6 bxc6 12. Rc1 Bf5 13. c4 d4 14. c5 dxe3 15.
fxe3 Bc7 16. Bc4 Bg3+ 17. Kf1 g6 18. Bxf6 Qxf6 0-1

 0-1

[Event "Tournoi francophone 001 Groupe D"]
[Site "Skype"]
[Date "????.??.??"]
[Round "2.2"]
[White "Tamditi, Ibrahim"]
[Black "Milanese, Serge"]
[Result "0-1"]
[WhiteElo "1296"]
[BlackElo "1342"]
[PlyCount "60"]

1. e4 e5 2. Bc4 Nf6 3. Nf3 Nxe4 4. Nxe5 Nd6 5. Qe2 Be7 6. Bxf7+ Nxf7 7. Qf3
Nxe5 8. Qh5+ Nf7 9. O-O d6 10. Re1 Nc6 11. Nc3 Be6 12. Ne4 Nd4 13. Qa5 Nxc2 14.
Qa4+ Bd7 15. Qxc2 O-O 16. Qb3 Bc6 17. Qe3 Bg5 18. Nxg5 Nxg5 19. d3 Qe8 20. Qxe8
Rfxe8 21. Rxe8+ Rxe8 22. Bxg5 Re2 23. b3 a5 24. Kf1 Re6 25. Rc1 Rg6 26. Bd8
Bxg2+ 27. Ke1 Bf3 28. Bxc7 a4 29. bxa4 d5 30. Bb6 Rxb6 0-1

[Event "Tournoi francophone 001 Groupe D"]
[Site "Skype"]
[Date "????.??.??"]
[Round "2.3"]
[White "Blaevoet, Rebecca"]
[Black "Lequeux, Pierre"]
[Result "1-0"]
[WhiteElo "1273"]
[BlackElo "1226"]
[PlyCount "81"]

1. e4 e5 2. Nf3 d6 3. Nc3 Nf6 4. Be2 Be7 5. b4 a6 6. d3 h6 7. Bb2 O-O 8. O-O d5
9. a3 d4 10. Nd5 Nxd5 11. exd5 Qxd5 12. Nxd4 exd4 13. Bf3 Qd7 14. Re1 b5 15.
Bxa8 c6 16. Re4 Bf6 17. Qe2 Qa7 18. Qh5 Be6 19. Rae1 Qd7 20. Bc1 Bf5 21. Rf4
Bg5 22. Rf3 Bg4 23. Qxg5 hxg5 24. Rg3 Bh5 25. Bxg5 f6 26. Bh6 Re8 27. Re4 Rxe4
28. dxe4 Qe7 29. f3 Qa7 30. Bxc6 Nxc6 31. Kf1 Bf7 32. Rxg7+ Kf8 33. Rh7+ Ke7
34. h4 a5 35. Rh8 Bc4+ 36. Ke1 axb4 37. Bf8+ Ke6 38. axb4 Nxb4 39. Bxb4 f5 40.
Rh6+ Ke5 41. Bd6# 1-0

[Event "Tournoi francophone 001 Groupe D"]
[Site "Skype"]
[Date "????.??.??"]
[Round "2.4"]
[White "Farfallini, Michel"]
[Black "Martin, Jean-Claude"]
[Result "0-1"]
[WhiteElo "1278"]
[BlackElo "1307"]
[PlyCount "24"]

1. e4 e5 2. Nf3 Nf6 3. Bc4 Nc6 4. Ng5 d5 5. exd5 Na5 6. Bb3 Nxb3 7. axb3 h6 8.
Nf3 e4 9. Qe2 Qxd5 10. Nc3 Qe6 11. Nb5 Qb6 12. d3 Qxb5 0-1

[Event "Tournoi francophone 001 Groupe D"]
[Site "Skype"]
[Date "????.??.??"]
[Round "2.5"]
[White "Lecluyse, Koenraad"]
[Black "Vervoort, Jean-Louis"]
[Result "0-1"]
[WhiteElo "1299"]
[BlackElo "1293"]
[PlyCount "94"]

1. d4 d5 2. Nf3 e6 3. Bf4 Nf6 4. e3 Bb4+ 5. c3 Ba5 6. Bd3 O-O 7. O-O b6 8. Nbd2
c5 9. e4 Nc6 10. Ne5 Bb7 11. Re1 Nxe5 12. Bxe5 Kh8 13. Qf3 Qe7 14. h4 Nd7 15.
Qg3 Nxe5 16. Qxe5 f6 17. Qg3 Rg8 18. h5 e5 19. dxe5 fxe5 20. Nf3 Rae8 21. Nh4
d4 22. Nf5 Qf6 23. Bc4 Rgf8 24. Qf3 dxc3 25. bxc3 Qg5 26. Re3 g6 27. hxg6 hxg6
28. Qh3+ Qh5 29. Qxh5+ gxh5 30. Rd1 Rd8 31. Rdd3 Bxe4 32. Nh4 Bxd3 33. Bxd3
Bxc3 34. Bc4 Rd1+ 35. Kh2 Bd4 36. Ng6+ Kg7 37. Nxf8 Bxe3 38. Ne6+ Kf6 39. fxe3
Rc1 40. Bd5 c4 41. Nc7 c3 42. Be4 a5 43. a4 Ra1 44. Nb5 Ra2 45. Nxc3 b5 46.
Nxb5 Rxa4 47. Kg1 Rxe4 0-1

[Event "Tournoi francophone 001 Groupe D"]
[Site "Skype"]
[Date "????.??.??"]
[Round "3.1"]
[White "Vervoort, Jean-Louis"]
[Black "Gerbaux, Regis"]
[Result "0-1"]
[WhiteElo "1293"]
[BlackElo "1363"]
[PlyCount "30"]

1. d4 d5 2. c4 e6 3. Nc3 Nf6 4. Bg5 Be7 5. e3 Nbd7 6. Nf3 c5 7. Qc2 a6 8. Bd3
b5 9. cxd5 exd5 10. O-O Bb7 11. a3 Rc8 12. b4 cxb4 13. axb4 Bxb4 14. Rfc1 Bxc3
15. Ra3 Bb4 0-1

[Event "Tournoi francophone 001 Groupe D"]
[Site "Skype"]
[Date "????.??.??"]
[Round "3.2"]
[White "Martin, Jean-Claude"]
[Black "Lecluyse, Koenraad"]
[Result "1/2-1/2"]
[WhiteElo "1307"]
[BlackElo "1299"]
[PlyCount "52"]

1. d4 d5 2. c4 dxc4 3. Nc3 e6 4. e4 Nf6 5. e5 Nd5 6. Bxc4 Bb4 7. Bd2 Bxc3 8.
Bxc3 Nd7 9. Bxd5 exd5 10. Nf3 O-O 11. O-O Nb6 12. b4 Bg4 13. h3 Bxf3 14. Qxf3
c6 15. Qg4 Qe7 16. Rfe1 Rae8 17. Bd2 f5 18. exf6 Qxf6 19. Rxe8 Rxe8 20. Bg5 Qe6
21. Qxe6+ Rxe6 22. Be3 Nc8 23. Kf1 Ne7 24. g4 g6 25. Bg5 b5 26. Bxe7 Rxe7
1/2-1/2

[Event "Tournoi francophone 001 Groupe D"]
[Site "Skype"]
[Date "????.??.??"]
[Round "3.3"]
[White "Lequeux, Pierre"]
[Black "Farfallini, Michel"]
[Result "0-1"]
[WhiteElo "1226"]
[BlackElo "1278"]
[PlyCount "95"]

1. d4 d5 2. Nf3 Nf6 3. e3 e6 4. c4 Bb4+ 5. Bd2 Bxd2+ 6. Qxd2 O-O 7. cxd5 exd5
8. Bd3 Ne4 9. Qe2 Bf5 10. Nc3 c6 11. Nd2 Qa5 12. Ncxe4 Bxe4 13. Bxe4 dxe4 14.
O-O Re8 15. Nc4 Qc7 16. Rac1 Nd7 17. Rfd1 b5 18. Na3 a6 19. b4 Rac8 20. Rc3 Qd6
21. Qb2 Nf6 22. g3 Qd7 23. Nc2 Qh3 24. Ne1 Ng4 25. f3 exf3 26. Nxf3 Rxe3 27.
Rxe3 Nxe3 28. Re1 Ng4 29. Qd2 f5 30. Ng5 Qh5 31. h3 Nf6 32. a3 g6 33. h4 Qg4
34. Kg2 Nh5 35. Qe2 Nf4+ 36. Kf1 Nxe2 37. Rxe2 Qxg3 38. Rg2 Qd3+ 39. Kf2 Re8
40. Nf3 f4 41. Ne1 Re2+ 42. Kf1 Rf2+ 43. Kxf2 Qe3+ 44. Kf1 f3 45. Rg3 Qe2+ 46.
Kg1 f2+ 47. Kg2 fxe1=Q+ 48. Kh3 0-1

[Event "Tournoi francophone 001 Groupe D"]
[Site "Skype"]
[Date "????.??.??"]
[Round "3.4"]
[White "Milanese, Serge"]
[Black "Blaevoet, Rebecca"]
[Result "0-1"]
[WhiteElo "1342"]
[BlackElo "1273"]
[PlyCount "54"]

1. e4 e5 2. Nf3 d6 3. Bc4 Nh6 4. d3 Be7 5. Nc3 O-O 6. h3 a6 7. Be3 Bd7 8. Nd5
b5 9. Bb3 c6 10. Nb6 Ra7 11. Nxd7 Rxd7 12. c3 d5 13. exd5 cxd5 14. Nxe5 Rc7 15.
Bb6 Qd6 16. Bxc7 Qxc7 17. d4 Nc6 18. Ng4 Bg5 19. h4 Re8+ 20. Kf1 Bf6 21. Nxf6+
gxf6 22. Qd3 Ng4 23. Bc2 Kf8 24. Qxh7 Qf4 25. Qh8+ Ke7 26. Re1+ Kd6 27. Qxe8
Qxf2# 0-1

[Event "Tournoi francophone 001 Groupe D"]
[Site "Skype"]
[Date "????.??.??"]
[Round "3.5"]
[White "Hargez, Dany"]
[Black "Tamditi, Ibrahim"]
[Result "0-1"]
[WhiteElo "1361"]
[BlackElo "1296"]
[PlyCount "30"]

1. e4 e5 2. Nf3 Nc6 3. d4 exd4 4. Nxd4 Nxd4 5. Qxd4 a6 6. Bc4 b5 7. Bb3 Bb7 8.
O-O c5 9. Qe5+ Qe7 10. Bf4 Qxe5 11. Bxe5 c4 12. Bf4 Bc5 13. Bxc4 bxc4 14. Re1
Ne7 15. Re3 Bxe3 0-1

[Event "Tournoi francophone 001 Groupe D"]
[Site "Skype"]
[Date "????.??.??"]
[Round "4.1"]
[White "Gerbaux, Regis"]
[Black "Tamditi, Ibrahim"]
[Result "0-1"]
[WhiteElo "1363"]
[BlackElo "1296"]
[PlyCount "28"]

1. e4 e5 2. f4 exf4 3. Nf3 d6 4. h3 Be7 5. h4 Bg4 6. d4 Bxh4+ 7. Ke2 Bxf3+ 8.
gxf3 Bg5 9. Bg2 Nh6 10. Nd2 d5 11. exd5 Nf5 12. Ne4 Qe7 13. Kf1 O-O 14. Nxg5
Ng3+ 0-1

[Event "Tournoi francophone 001 Groupe D"]
[Site "Skype"]
[Date "????.??.??"]
[Round "4.2"]
[White "Blaevoet, Rebecca"]
[Black "Hargez, Dany"]
[Result "0-1"]
[WhiteElo "1273"]
[BlackElo "1361"]
[PlyCount "116"]

1. e4 e5 2. Nf3 Nf6 3. d3 d5 4. Nc3 Bb4 5. Bd2 Bxc3 6. bxc3 Nc6 7. Be2 Bg4 8.
O-O O-O 9. Rb1 b6 10. Nxe5 Bxe2 11. Qxe2 Nxe5 12. c4 Nc6 13. exd5 Nd4 14. Qe5
Nxc2 15. Rfc1 Re8 16. Qc3 Re2 17. Bg5 Qd6 18. f4 Ne3 19. Rb2 Rxb2 20. Qxb2 Nh5
21. Re1 Re8 22. g3 Qh6 23. Bxh6 gxh6 24. f5 f6 25. a4 a5 26. Re2 Re5 27. d6
cxd6 28. Qxb6 Nxf5 29. Qd8+ Kg7 30. Re4 Kf7 31. g4 Nh4 32. gxh5 Nf3+ 33. Kg2
Nh4+ 34. Rxh4 Re2+ 35. Kg3 Re3+ 36. Kg4 Rxd3 37. Qxa5 Re3 38. Kf5 Re5+ 39. Kf4
Rxa5 40. Rh3 Rxa4 41. Rc3 Ra5 42. h4 Rxh5 43. Kg4 Rc5 44. h5 d5 45. Rd3 Rxc4+
46. Kf5 d4 47. Ra3 Rc5+ 48. Ke4 Rxh5 49. Ra7+ Kg6 50. Kxd4 Rf5 51. Ra6 h5 52.
Ra1 Kh6 53. Rh1 Rf4+ 54. Ke3 Kg5 55. Rg1+ Rg4 56. Kf2 h4 57. Rg2 h3 58. Rg1 h5
0-1

[Event "Tournoi francophone 001 Groupe D"]
[Site "Skype"]
[Date "????.??.??"]
[Round "4.3"]
[White "Farfallini, Michel"]
[Black "Milanese, Serge"]
[Result "1-0"]
[WhiteElo "1278"]
[BlackElo "1342"]
[PlyCount "77"]

1. e4 e6 2. d4 d5 3. e5 Nc6 4. Nf3 Be7 5. c3 Nb8 6. Bd3 Nd7 7. O-O a6 8. Be3 f6
9. Nh4 h5 10. Ng6 Rh6 11. Bxh6 Nxh6 12. Qxh5 fxe5 13. Nh8+ Kf8 14. Bg6 Nf6 15.
Nf7 Nxh5 16. Nxd8 Bxd8 17. Bxh5 e4 18. f3 e3 19. Re1 Bg5 20. f4 Bxf4 21. Rf1 e5
22. dxe5 Bg4 23. Rxf4+ Bf5 24. Na3 Ke7 25. Nc2 Bxc2 26. Re1 g5 27. Rf6 Rh8 28.
Rxe3 Bf5 29. Be2 Ng4 30. Bxg4 Bxg4 31. Rg3 Rf8 32. Rxf8 Kxf8 33. Rxg4 Kf7 34.
Rxg5 c5 35. Kf2 d4 36. cxd4 cxd4 37. Ke2 Ke6 38. Kd3 Kd5 39. h4 1-0

[Event "Tournoi francophone 001 Groupe D"]
[Site "Skype"]
[Date "????.??.??"]
[Round "4.4"]
[White "Lecluyse, Koenraad"]
[Black "Lequeux, Pierre"]
[Result "1-0"]
[WhiteElo "1299"]
[BlackElo "1226"]
[PlyCount "53"]

1. d4 e6 2. e4 d5 3. e5 c5 4. c3 c4 5. Nf3 h6 6. h4 Bd7 7. Bf4 Be7 8. Be2 Nc6
9. Nbd2 Qb6 10. b3 cxb3 11. axb3 Na5 12. O-O f5 13. Rb1 Nc6 14. c4 Nxd4 15.
Nxd4 Qxd4 16. g3 dxc4 17. bxc4 b6 18. Bh5+ Kd8 19. Nb3 Qxc4 20. Nd4 g5 21. Rc1
Qd5 22. Bf3 gxf4 23. Bxd5 exd5 24. e6 Be8 25. Nxf5 Ba3 26. Qxd5+ Bd7 27. Qxd7#
1-0

[Event "Tournoi francophone 001 Groupe D"]
[Site "Skype"]
[Date "????.??.??"]
[Round "4.5"]
[White "Vervoort, Jean-Louis"]
[Black "Martin, Jean-Claude"]
[Result "0-1"]
[WhiteElo "1293"]
[BlackElo "1307"]
[PlyCount "84"]

1. d4 e5 2. d5 Bc5 3. e4 Qh4 4. Qe2 d6 5. g3 Bxf2+ 6. Qxf2 Qxe4+ 7. Be3 Qxd5 8.
Nc3 Qe6 9. Nb5 Qe7 10. Nxa7 Nc6 11. O-O-O Be6 12. Bg2 Rb8 13. Nf3 Nf6 14. b3
Ng4 15. Qe2 O-O 16. h3 Nxe3 17. Qxe3 h6 18. Rd2 Nxa7 19. Qxa7 b6 20. Qa3 Ra8
21. Qb2 Rfd8 22. Rhd1 f5 23. c4 e4 24. Nd4 Qf6 25. Rf2 Qg5+ 26. Kb1 Bd7 27. Nf3
exf3 28. Rxf3 Ra5 29. Rdd3 Bc6 30. Rf2 Bxg2 31. Rxg2 Re5 32. h4 Re1+ 33. Kc2
Qe7 34. h5 Re2+ 35. Rxe2 Qxe2+ 36. Rd2 Qe4+ 37. Kd1 Qf3+ 38. Re2 Qxg3 39. Re7
Qg4+ 40. Ke1 Kf8 41. Rxc7 Re8+ 42. Kf2 Qf4+ 0-1

[Event "Tournoi francophone 001 Groupe D"]
[Site "Skype"]
[Date "????.??.??"]
[Round "5.1"]
[White "Martin, Jean-Claude"]
[Black "Gerbaux, Regis"]
[Result "1-0"]
[WhiteElo "1307"]
[BlackElo "1363"]
[PlyCount "38"]

1. d4 d5 2. c4 e6 3. Nc3 a6 4. a4 Nf6 5. Bg5 Be7 6. Nf3 Nbd7 7. e3 b6 8. Bd3
Bb7 9. cxd5 exd5 10. O-O c5 11. b3 Rc8 12. Rc1 O-O 13. Qe2 c4 14. bxc4 dxc4 15.
Bxc4 Rc7 16. Bxa6 Qc8 17. Bxb7 Qxb7 18. Nb5 Qa6 19. Rxc7 Rc8 1-0

[Event "Tournoi francophone 001 Groupe D"]
[Site "Skype"]
[Date "????.??.??"]
[Round "5.2"]
[White "Lequeux, Pierre"]
[Black "Vervoort, Jean-Louis"]
[Result "0-1"]
[WhiteElo "1226"]
[BlackElo "1293"]
[PlyCount "70"]

1. e4 e5 2. Bc4 Nf6 3. d3 Bc5 4. Bg5 O-O 5. Bxf6 Qxf6 6. Nf3 d6 7. Nc3 a6 8.
Nd5 Qd8 9. O-O c6 10. Nc3 Bg4 11. h3 Bxf3 12. Qxf3 Nd7 13. Na4 Ba7 14. Nc3 Qf6
15. Qg3 b5 16. Bb3 a5 17. a4 b4 18. Ne2 Nc5 19. Nc1 Rfd8 20. c3 bxc3 21. bxc3
Rab8 22. Bc2 d5 23. Ra3 Rb2 24. Ra2 Rb6 25. Ra3 dxe4 26. dxe4 Rd2 27. Nb3 Rxc2
28. Nxc5 Qd6 29. Qd3 Qxc5 30. Qd8+ Qf8 31. Qxf8+ Kxf8 32. Rd1 Rbb2 33. Kh2 Rxf2
34. Raa1 Rxg2+ 35. Kh1 Rh2# 0-1

[Event "Tournoi francophone 001 Groupe D"]
[Site "Skype"]
[Date "????.??.??"]
[Round "5.3"]
[White "Milanese, Serge"]
[Black "Lecluyse, Koenraad"]
[Result "1-0"]
[WhiteElo "1342"]
[BlackElo "1299"]
[PlyCount "55"]

1. e4 e5 2. Nf3 Nc6 3. Bc4 Nf6 4. Nc3 d6 5. h3 Be7 6. d3 O-O 7. O-O Nd4 8. Nd5
c6 9. Nxe7+ Qxe7 10. Ng5 d5 11. exd5 cxd5 12. c3 Nc6 13. Bxd5 Nxd5 14. Qh5 h6
15. Nf3 Nf4 16. Bxf4 exf4 17. Rfe1 Qd7 18. d4 Ne7 19. Re4 Ng6 20. Ne5 Qd6 21.
f3 Be6 22. c4 Nxe5 23. dxe5 Qc5+ 24. Kh2 Rad8 25. Rxf4 Rd2 26. Rg1 Rxb2 27. Qh4
Qxc4 28. Rxc4 1-0

[Event "Tournoi francophone 001 Groupe D"]
[Site "Skype"]
[Date "????.??.??"]
[Round "5.4"]
[White "Hargez, Dany"]
[Black "Farfallini, Michel"]
[Result "1-0"]
[WhiteElo "1361"]
[BlackElo "1278"]
[PlyCount "41"]

1. e4 e5 2. Nf3 Nc6 3. d4 exd4 4. Nxd4 Nxd4 5. Qxd4 d6 6. Bc4 Nf6 7. O-O Be6 8.
Bd5 Qd7 9. Bxe6 fxe6 10. Bg5 e5 11. Qc4 O-O-O 12. Nc3 Be7 13. Nb5 Kb8 14. a4 a6
15. Nc3 Rdf8 16. Bxf6 gxf6 17. Nd5 Bd8 18. b4 Qe6 19. b5 axb5 20. axb5 Kc8 21.
b6 1-0

[Event "Tournoi francophone 001 Groupe D"]
[Site "Skype"]
[Date "????.??.??"]
[Round "5.5"]
[White "Tamditi, Ibrahim"]
[Black "Blaevoet, Rebecca"]
[Result "1-0"]
[WhiteElo "1296"]
[BlackElo "1273"]
[PlyCount "69"]

1. e4 e5 2. Bc4 Nf6 3. Nf3 d5 4. exd5 Nxd5 5. Nxe5 Be6 6. O-O Be7 7. Qf3 O-O 8.
d4 Nc6 9. Rd1 a6 10. Nxc6 bxc6 11. Bd2 Rb8 12. b3 Bf6 13. Ba5 Re8 14. Qg3 Nb6
15. Bxe6 fxe6 16. c3 Qd5 17. Bxb6 cxb6 18. Na3 Qa5 19. Nc4 Qf5 20. Nd6 Be5 21.
dxe5 Qh5 22. Nxe8 Qxe8 23. Rd4 c5 24. Rg4 h5 25. Rxg7+ Kf8 26. Rg8+ Ke7 27.
Rxe8+ Rxe8 28. Qg5+ Kd7 29. Qxh5 a5 30. Qf7+ Re7 31. Rd1+ Kc6 32. Qxe7 b5 33.
Qxe6+ Kc7 34. Rd7+ Kc8 35. Qe8# 1-0

[Event "Tournoi francophone 001 Groupe D"]
[Site "Skype"]
[Date "????.??.??"]
[Round "6.1"]
[White "Gerbaux, Regis"]
[Black "Blaevoet, Rebecca"]
[Result "1-0"]
[WhiteElo "1363"]
[BlackElo "1273"]
[PlyCount "59"]

1. e4 e5 2. Nf3 d6 3. d4 Nd7 4. Bc4 Be7 5. dxe5 Nxe5 6. Nxe5 dxe5 7. O-O Be6 8.
Bxe6 fxe6 9. Qh5+ g6 10. Qxe5 Nf6 11. Qxe6 Qd6 12. Qxd6 cxd6 13. Nc3 Rd8 14.
Bh6 Rg8 15. h3 g5 16. f4 g4 17. h4 Rg6 18. Bg5 h5 19. e5 dxe5 20. fxe5 Bc5+ 21.
Kh1 Kf7 22. Bxf6 Rd2 23. Bg5+ Bf2 24. Bxd2 g3 25. Bg5 Ke6 26. Ne4 a6 27. Nxf2
Kxe5 28. Rae1+ Kf5 29. Ne4+ Kg4 30. Rf4# 1-0

[Event "Tournoi francophone 001 Groupe D"]
[Site "Skype"]
[Date "????.??.??"]
[Round "6.2"]
[White "Farfallini, Michel"]
[Black "Tamditi, Ibrahim"]
[Result "1/2-1/2"]
[WhiteElo "1278"]
[BlackElo "1296"]
[PlyCount "51"]

1. e4 e5 2. Nf3 Nc6 3. Bb5 Bc5 4. O-O Nf6 5. Bxc6 dxc6 6. Nxe5 Nxe4 7. Qh5 O-O
8. d3 Nf6 9. Qg5 h6 10. Qg3 Kh8 11. Nc3 Qe7 12. Re1 Ng4 13. Ng6+ fxg6 14. Rxe7
Bxf2+ 15. Qxf2 Nxf2 16. b3 Ng4 17. Bb2 Nf6 18. Ne4 Re8 19. Rxe8+ Nxe8 20. Re1
Bf5 21. Nc5 Rb8 22. Nxb7 Bd7 23. Re7 Rxb7 24. Rxd7 Rb8 25. Be5 Rc8 26. c4
1/2-1/2

[Event "Tournoi francophone 001 Groupe D"]
[Site "Skype"]
[Date "????.??.??"]
[Round "6.3"]
[White "Lecluyse, Koenraad"]
[Black "Hargez, Dany"]
[Result "0-1"]
[WhiteElo "1299"]
[BlackElo "1361"]
[PlyCount "34"]

1. d4 d5 2. Nf3 Nf6 3. Bf4 Nc6 4. c3 Bf5 5. e3 Bg4 6. Be2 e6 7. O-O Bd6 8. Nbd2
Bxf4 9. exf4 Qd6 10. h3 Bh5 11. Bd3 Qxf4 12. g3 Qh6 13. Qe1 Bxf3 14. Nxf3 Qxh3
15. Ne5 Nxe5 16. Qxe5 Ng4 17. Qf4 Qh2# 0-1

[Event "Tournoi francophone 001 Groupe D"]
[Site "Skype"]
[Date "????.??.??"]
[Round "6.4"]
[White "Vervoort, Jean-Louis"]
[Black "Milanese, Serge"]
[Result "1-0"]
[WhiteElo "1293"]
[BlackElo "1342"]
[PlyCount "55"]

1. d4 Nf6 2. c4 e6 3. Nc3 c6 4. e4 d5 5. e5 Ne4 6. Nxe4 dxe4 7. Qe2 Qa5+ 8. Bd2
Bb4 9. Bxb4 Qxb4+ 10. Qd2 Qe7 11. g4 h6 12. Bg2 f5 13. Qf4 Qb4+ 14. Qd2 Qxc4
15. b3 Qb5 16. h3 Nd7 17. Ne2 b6 18. O-O-O c5 19. dxc5 Qxc5+ 20. Kb2 Qxe5+ 21.
Nc3 Bb7 22. Qxd7+ Kf8 23. Qxb7 Qb8 24. Rd7 Qxb7 25. Rxb7 Rd8 26. Rd1 Rxd1 27.
Nxd1 g5 28. Rxa7 1-0

[Event "Tournoi francophone 001 Groupe D"]
[Site "Skype"]
[Date "????.??.??"]
[Round "6.5"]
[White "Martin, Jean-Claude"]
[Black "Lequeux, Pierre"]
[Result "0-1"]
[WhiteElo "1307"]
[BlackElo "1226"]
[PlyCount "136"]

1. d4 d5 2. c4 dxc4 3. Nc3 Bf5 4. e4 Be6 5. d5 Bd7 6. Bxc4 c6 7. Qb3 Bc8 8.
dxc6 Qb6 9. Bxf7+ Kd8 10. Qxb6+ axb6 11. cxb7 Bxb7 12. Bd5 Nc6 13. Nf3 Nf6 14.
Ng5 Kc8 15. Be6+ Kb8 16. Bf4+ Ka7 17. Nb5+ Ka6 18. Nc7+ Ka7 19. Nxa8 Bxa8 20.
Nf7 Nd4 21. Rc1 Nxe6 22. Nxh8 Nxf4 23. Rc8 Bxe4 24. Kd2 Nd7 25. Rc7+ Ka6 26.
Rxd7 g6 27. Rd4 Bxg2 28. Re1 Nh3 29. Nf7 Bg7 30. Rb4 Bd5 31. Rxe7 Bf8 32. Ra4+
Kb5 33. Rea7 Bb4+ 34. Kd3 Bxf7 35. Rxf7 Kxa4 36. Kc4 b5+ 37. Kd5 Be1 38. Ra7+
Kb4 39. Ra3 Nxf2 40. Rb3+ Ka4 41. Kc5 b4 42. Kc4 Ne4 43. Re3 Nd2+ 44. Kd4 Bf2
45. Kd3 Bxe3 46. Kxe3 Nc4+ 47. Kd3 Nxb2+ 48. Kc2 Nc4 49. Kd3 Nb2+ 50. Kc2 Ka3
51. Kb1 Nc4 52. h3 h5 53. h4 Ne5 54. Ka1 Nf3 55. Kb1 g5 56. hxg5 Nxg5 57. Kc1
h4 58. Kd1 h3 59. Ke2 h2 60. Ke3 h1=Q 61. Kf4 Qg1 62. Ke5 Kxa2 63. Kd5 b3 64.
Ke5 b2 65. Kd5 b1=Q 66. Ke5 Qbe1+ 67. Kd5 Qe4+ 68. Kd6 Qd1+ 0-1

[Event "Tournoi francophone 001 Groupe D"]
[Site "Skype"]
[Date "????.??.??"]
[Round "7.1"]
[White "Lequeux, Pierre"]
[Black "Gerbaux, Regis"]
[Result "0-1"]
[WhiteElo "1226"]
[BlackElo "1363"]
[PlyCount "90"]

1. d4 e5 2. dxe5 Nc6 3. e6 dxe6 4. Qxd8+ Nxd8 5. Bg5 Nc6 6. c3 Be7 7. Bf4 e5 8.
Bg3 Nf6 9. f3 O-O 10. e4 a6 11. Bd3 Rd8 12. Bc2 Be6 13. Ba4 b5 14. Bc2 Bc4 15.
b3 Bd3 16. Bd1 Bf1 17. Ne2 Bxg2 18. Rg1 Bxf3 19. Nd2 Bxe4 20. Nxe4 Nxe4 21. Bc2
Nd2 22. Kf2 Bc5+ 23. Kg2 Bxg1 24. Kxg1 Nf3+ 25. Kg2 Ng5 26. Bh4 Rd2 27. Bxg5
Rxe2+ 28. Kf3 Rxc2 29. Ke4 Rxc3 30. Bd2 Rc2 31. Ke3 Rd8 32. Rd1 Rc3+ 33. Ke2
Nd4+ 34. Ke1 Rd3 35. Bg5 Rxd1+ 36. Kxd1 Nf3+ 37. Ke2 Nxg5 38. Kf2 Rd2+ 39. Ke3
Rxa2 40. b4 Rxh2 41. Kd3 e4+ 42. Ke3 Rh3+ 43. Kf4 e3 44. Kg4 e2 45. Kxg5 e1=Q
0-1

[Event "Tournoi francophone 001 Groupe D"]
[Site "Skype"]
[Date "????.??.??"]
[Round "7.2"]
[White "Milanese, Serge"]
[Black "Martin, Jean-Claude"]
[Result "0-1"]
[WhiteElo "1342"]
[BlackElo "1307"]
[PlyCount "78"]

1. d4 e5 2. dxe5 Nc6 3. Nf3 Qe7 4. Bf4 Qb4+ 5. Nc3 Qxf4 6. e3 Qf5 7. a3 Nxe5 8.
Nd5 Nxf3+ 9. gxf3 Bd6 10. c4 c6 11. Nc3 Qe6 12. f4 Bxf4 13. Be2 Bxe3 14. fxe3
Qxe3 15. h3 Qg3+ 16. Kd2 Qd6+ 17. Kc2 Qxd1+ 18. Raxd1 Ne7 19. Bf3 O-O 20. h4
Nf5 21. Rde1 Nd4+ 22. Kb1 Nxf3 23. Re7 d6 24. h5 Bf5+ 25. Ka2 Bd3 26. Rh3 Ne5
27. c5 Bc4+ 28. b3 Nd3 29. bxc4 Nxc5 30. a4 a5 31. h6 g6 32. Rf3 Rae8 33. Rxe8
Rxe8 34. Rf6 Re6 35. Rf1 g5 36. Rd1 Rxh6 37. Nb5 cxb5 38. axb5 Rh2+ 39. Ka3
Rh3+ 0-1